| 000 | 00581nam a2200229 a 4500 | ||
|---|---|---|---|
| 001 | nice12345678 | ||
| 003 | IN_TiNIC | ||
| 005 | 20260116012946.0 | ||
| 008 | 050524s1978 u sa grp 000 0 eng | ||
| 020 |
_a _c100 |
||
| 082 | 0 | 0 |
_a220.07 _bWAR |
| 100 | _aWarren, Richard | ||
| 245 | _aTwelve Dynamic Bible Study Methods for Individuals Or Groups. | ||
| 260 |
_aU S A _bVictor Books _c1978 |
||
| 300 | _a251p | ||
| 500 | _aincludes index and biblioraphy | ||
| 505 | 2 | _aAppendex | |
| 650 | _aBible-Study and Teaching | ||
| 902 | _bSRS | ||
| 942 | _cBK | ||
| 999 |
_c9054 _d9054 |
||